[Event "World Rapid Team 2023"]
[Site "Dusseldorf GER"]
[Date "2023.08.26"]
[Round "4.7"]
[Board "1"]
[White "Moussard, Jules"]
[Black "Zuferi, Enis"]
[Result "1-0"]
[WhiteTitle "GM"]
[BlackTitle "FM"]
[WhiteElo "2661"]
[BlackElo "2367"]
[WhiteTeam "Chessbrah OFM"]
[BlackTeam "Heilbronn Hustlers"]
[WhiteFideId "642908"]
[BlackFideId "24692530"]
[EventDate "2023.08.26"]

1. b3 e5 2. Bb2 Nc6 3. c4 Nf6 4. e3 d5 5. cxd5 Nxd5 6. a3 Bd6 7. d3 O-O 8. Nf3
Qe7 9. Nbd2 Nb6 10. Be2 f5 11. Qc2 Be6 12. O-O Kh8 13. b4 a6 14. Rfe1 Rae8 15.
Rac1 h6 16. e4 Qf7 17. Nc4 Nxc4 18. dxc4 fxe4 19. Qxe4 Bf5 20. Qe3 e4 21. Nd4
Nxd4 22. Bxd4 Qg6 23. c5 Be7 24. Rcd1 c6 25. Qc3 Bh4 26. Be3 Bf6 27. Qc1 Bh3 28.
Bf1 Rd8 29. Rxd8 Rxd8 30. Bf4 Bg4 31. Bd6 Re8 32. Qe3 Bg5 33. Bf4 Bh4 34. g3 Bf6
35. Bg2 Bf5 36. h3 Qf7 37. Rd1 Kh7 38. Kh2 Qa2 39. g4 Bg6 40. Rd7 Re7 41. Rxe7
Bxe7 42. Bxe4 Bxe4 43. Qxe4+ Kg8 44. Bg3 Bf6 45. h4 Qxa3 46. g5 hxg5 47. Qe8+
Kh7 48. Qh5+ Kg8 49. hxg5 Bb2 50. g6 Qb3 51. Bd6 1-0

[Event "World Rapid Team 2023"]
[Site "Dusseldorf GER"]
[Date "2023.08.26"]
[Round "4.7"]
[Board "2"]
[White "Wenninger, Philipp"]
[Black "Van Foreest, Jorden"]
[Result "0-1"]
[BlackTitle "GM"]
[WhiteElo "2374"]
[BlackElo "2697"]
[WhiteTeam "Heilbronn Hustlers"]
[BlackTeam "Chessbrah OFM"]
[WhiteFideId "4648404"]
[BlackFideId "1039784"]
[EventDate "2023.08.26"]

1. d4 e6 2. c4 d5 3. Nc3 Nf6 4. cxd5 exd5 5. Bg5 c6 6. e3 h6 7. Bh4 Be7 8. Bd3
O-O 9. Qc2 Ne8 10. Bxe7 Qxe7 11. Nxd5 cxd5 12. Qxc8 Nc6 13. Qxa8 Qb4+ 14. Kf1
Nf6 15. Qxf8+ Kxf8 16. Rb1 Qd2 17. Be2 Qc2 18. Rd1 Qxb2 19. f3 Nb4 20. Nh3 Nxa2
21. Kf2 Nc3 22. Rde1 g5 23. Rhf1 a5 24. Ng1 a4 25. Kg3 a3 26. Bd3 Qd2 27. Bb1 b5
28. Rc1 Qxe3 29. Rfe1 Qf4+ 30. Kf2 Ng4+ 31. Kf1 Nxh2+ 32. Kf2 Qxd4+ 33. Re3 Nd1+ 0-1

[Event "World Rapid Team 2023"]
[Site "Dusseldorf GER"]
[Date "2023.08.26"]
[Round "4.7"]
[Board "3"]
[White "Saric, Ivan"]
[Black "Peng, Xiang-Tobias"]
[Result "1-0"]
[WhiteTitle "GM"]
[WhiteElo "2657"]
[BlackElo "2119"]
[WhiteTeam "Chessbrah OFM"]
[BlackTeam "Heilbronn Hustlers"]
[WhiteFideId "14508150"]
[BlackFideId "12964328"]
[EventDate "2023.08.26"]

1. e4 e5 2. Nf3 Nc6 3. Bc4 Bc5 4. d3 Nf6 5. Nc3 a6 6. a4 O-O 7. O-O d6 8. Bg5 h6
9. Bh4 Be6 10. Nd5 Bxd5 11. exd5 Nb8 12. d4 exd4 13. Nxd4 Nbd7 14. Nf5 Ne5 15.
Bd3 Ng6 16. Bg3 Nd7 17. Kh1 Nde5 18. Be2 Qf6 19. f4 Nd7 20. Bd3 Ba7 21. Be1 Qxb2
22. Rb1 Qf6 23. Rb3 Bd4 24. c3 Bb6 25. c4 Bd4 26. Bc2 Bb2 27. g4 Nxf4 28. Rxf4
Be5 29. Rf1 Nc5 30. Rh3 Qd8 31. g5 g6 32. Nxh6+ Kg7 33. Qf3 f5 34. gxf6+ Rxf6
35. Nf5+ gxf5 36. Rg1+ Kf7 37. Rh7+ 1-0

[Event "World Rapid Team 2023"]
[Site "Dusseldorf GER"]
[Date "2023.08.26"]
[Round "4.7"]
[Board "4"]
[White "Geshnizjani, Ramin"]
[Black "Tari, Aryan"]
[Result "0-1"]
[BlackTitle "GM"]
[WhiteElo "2141"]
[BlackElo "2629"]
[WhiteTeam "Heilbronn Hustlers"]
[BlackTeam "Chessbrah OFM"]
[WhiteFideId "24633089"]
[BlackFideId "1510045"]
[EventDate "2023.08.26"]

1. e4 e5 2. Bc4 Nf6 3. d3 Bc5 4. Nc3 c6 5. Nf3 d6 6. a3 a5 7. Ne2 O-O 8. O-O h6
9. Ng3 Re8 10. Qe2 d5 11. Bb3 Be6 12. Ba2 Nbd7 13. Be3 Bf8 14. h3 b5 15. Nxe5
Nxe5 16. f4 dxe4 17. fxe5 exd3 18. Qf2 Nd5 19. cxd3 Qc7 20. d4 Nxe3 21. Qxe3
Bxa2 22. Rxa2 c5 23. d5 Qxe5 24. Qf3 Bd6 25. Nf5 Qh2+ 26. Kf2 Ra6 27. Raa1 c4
28. Nxd6 Rxd6 29. Rae1 Rxe1 30. Kxe1 Qe5+ 31. Kf2 Rf6 0-1

[Event "World Rapid Team 2023"]
[Site "Dusseldorf GER"]
[Date "2023.08.26"]
[Round "4.7"]
[Board "5"]
[White "Khademalsharieh, Sarasadat"]
[Black "Schaefer, Daniel"]
[Result "1-0"]
[WhiteTitle "IM"]
[WhiteElo "2488"]
[BlackElo "1884"]
[WhiteTeam "Chessbrah OFM"]
[BlackTeam "Heilbronn Hustlers"]
[WhiteFideId "12512214"]
[BlackFideId "16235088"]
[EventDate "2023.08.26"]

1. d4 d5 2. c4 e6 3. Nc3 c6 4. cxd5 exd5 5. Bf4 Nf6 6. e3 Bf5 7. Bd3 Bxd3 8.
Qxd3 Bd6 9. Nf3 Bxf4 10. exf4 O-O 11. O-O Nbd7 12. Ne5 Re8 13. b4 Ne4 14. Nxe4
dxe4 15. Qb3 Nxe5 16. dxe5 Qd3 17. Rfd1 Qxb3 18. axb3 Red8 19. Kf1 a6 20. Ke2 f5
21. exf6 gxf6 22. g4 f5 23. gxf5 Kf7 24. Ke3 Kf6 25. Kxe4 Rxd1 26. Rxd1 Re8+ 27.
Kf3 Re7 28. Rd8 Kxf5 29. Rf8+ Kg6 30. h4 Rd7 31. Ke4 Re7+ 32. Kd4 Kh5 33. f5
Kxh4 34. f6 Re2 35. f4 Kh5 36. Rg8 Re6 37. f7 1-0

[Event "World Rapid Team 2023"]
[Site "Dusseldorf GER"]
[Date "2023.08.26"]
[Round "4.8"]
[Board "1"]
[White "Fromm, Marius"]
[Black "Rabiega, Robert"]
[Result "1-0"]
[WhiteTitle "FM"]
[BlackTitle "GM"]
[WhiteElo "2458"]
[BlackElo "2468"]
[WhiteTeam "Doppelbauer Kiel"]
[BlackTeam "Berlin Chess Federation"]
[WhiteFideId "12993190"]
[BlackFideId "4601475"]
[EventDate "2023.08.26"]

1. e4 e5 2. Nf3 Nf6 3. Nc3 Nc6 4. a3 d6 5. d4 exd4 6. Nxd4 Be7 7. Bc4 O-O 8. O-O
Re8 9. Re1 Bd7 10. h3 Bf8 11. Bg5 h6 12. Bh4 Ne5 13. Ba2 Ng6 14. Bg3 a6 15. Qf3
Ne5 16. Qe2 c5 17. Nf3 Bc6 18. Rad1 Qc7 19. Bh4 Be7 20. Bxf6 Bxf6 21. Nd5 Bxd5
22. Bxd5 Rad8 23. c3 b5 24. Nxe5 Bxe5 25. g3 Rb8 26. Kg2 a5 27. Ra1 Rb6 28. a4
Reb8 29. axb5 Rxb5 30. Ra2 Qb6 31. f4 Bf6 32. e5 dxe5 33. fxe5 Be7 34. b3 Rxb3
35. Bxb3 Qxb3 36. Qc2 Qd5+ 37. Kh2 c4 38. Qe4 Qe6 39. Rxa5 g6 40. Ra2 h5 41. h4
Rd8 42. Ra8 Rxa8 43. Qxa8+ Kg7 44. Qe4 Bc5 45. Qf4 Be7 46. Rf1 Qd5 47. Qd4 Qe6
48. Rf4 Kh6 49. Qxc4 Qxe5 50. Qxf7 Bc5 51. Qf6 Qe2+ 52. Kh3 Kh7 53. Qf7+ Kh6 54.
Qg8 Qe5 55. Qc4 Qe1 56. Rf1 Qe7 57. Qf4+ Kg7 58. Qf3 Qe6+ 59. Kg2 Qa2+ 60. Kh1
Qe6 61. Qg2 Qg4 62. Rf3 Qe6 63. Kh2 Bd6 64. Rd3 Qf6 65. Kh1 Qe5 66. Qf3 Qe6 67.
Kg2 Bc5 68. Rd2 Bb6 69. Re2 Qd7 70. c4 Bc5 71. Qd5 Qa7 72. Rb2 Kh6 73. Rb7 Qa2+
74. Kh3 Be3 1-0

[Event "World Rapid Team 2023"]
[Site "Dusseldorf GER"]
[Date "2023.08.26"]
[Round "4.8"]
[Board "2"]
[White "Baskin, Robert"]
[Black "Arndt, Magnus"]
[Result "1-0"]
[WhiteTitle "IM"]
[BlackTitle "FM"]
[WhiteElo "2451"]
[BlackElo "2405"]
[WhiteTeam "Berlin Chess Federation"]
[BlackTeam "Doppelbauer Kiel"]
[WhiteFideId "24662402"]
[BlackFideId "12998656"]
[EventDate "2023.08.26"]

1. Nf3 Nf6 2. c4 e6 3. g3 d5 4. Bg2 Be7 5. O-O O-O 6. b3 b6 7. cxd5 exd5 8. Bb2
Bb7 9. e3 Nbd7 10. Nc3 Re8 11. Re1 Nc5 12. d3 Ba6 13. Ne5 Bd6 14. Nc6 Qd7 15.
Nb4 Bb7 16. Nbxd5 Nxd5 17. Nxd5 Be5 18. Bxe5 Bxd5 19. Bxd5 Qxd5 20. d4 Ne4 21.
f3 Ng5 22. e4 Qd7 23. h4 f6 24. Bf4 Nh3+ 25. Kg2 Nxf4+ 26. gxf4 Rad8 27. Rc1
Qxd4 28. Qxd4 Rxd4 29. Rxc7 Rd2+ 30. Kh3 Rxa2 31. Rg1 g6 32. f5 Rf2 33. Kg3 Rb2
34. fxg6 Rxb3 35. Kf4 h5 36. Rd1 f5 37. Rdd7 1-0

[Event "World Rapid Team 2023"]
[Site "Dusseldorf GER"]
[Date "2023.08.26"]
[Round "4.8"]
[Board "3"]
[White "Ermitsch, Magnus"]
[Black "Lagunow, Raphael"]
[Result "1-0"]
[WhiteTitle "FM"]
[BlackTitle "IM"]
[WhiteElo "2221"]
[BlackElo "2413"]
[WhiteTeam "Doppelbauer Kiel"]
[BlackTeam "Berlin Chess Federation"]
[WhiteFideId "16234464"]
[BlackFideId "24652644"]
[EventDate "2023.08.26"]

1. e4 c6 2. Nf3 d5 3. Nc3 dxe4 4. Nxe4 Nf6 5. Qe2 Nxe4 6. Qxe4 Nd7 7. Bc4 Nf6 8.
Ne5 e6 9. Qe2 b5 10. Bd3 Qc7 11. a4 Bd6 12. Nxc6 b4 13. Nd4 a6 14. Nf5 Bb7 15.
Nxg7+ Kf8 16. Nh5 Nxh5 17. Qxh5 Bf4 18. Be2 Bxg2 19. Rg1 Bd5 20. d4 Bxc1 21.
Rxc1 Qf4 22. Rd1 Rc8 23. Rg4 Qf6 24. Rd2 a5 25. Qe5 Qxe5 26. dxe5 Ke7 27. Rf4 h5
28. Bf3 Bxf3 29. Rxf3 Rc5 30. Re3 Rg8 31. c3 bxc3 32. bxc3 Rg1+ 33. Ke2 Rg5 34.
f4 Rg2+ 35. Ke1 Rxd2 36. Kxd2 Rc4 37. Kd3 Rxa4 38. Rf3 h4 39. Rf2 Kf8 40. c4 Ra1
41. Kd4 a4 42. Kc5 Ke7 43. Kc6 a3 44. c5 a2 45. Rc2 Kd8 46. Rf2 h3 47. Rc2 Ke7
48. Kc7 f6 49. c6 fxe5 50. fxe5 Rg1 51. Rxa2 Rg2 52. Ra7 Rxh2 53. Kb8+ Kf8 54.
c7 Rb2+ 55. Rb7 Rc2 56. c8=Q+ Rxc8+ 57. Kxc8 Kg8 58. Rb3 Kg7 59. Rxh3 Kg6 60.
Kd7 Kf5 61. Kd6 1-0

[Event "World Rapid Team 2023"]
[Site "Dusseldorf GER"]
[Date "2023.08.26"]
[Round "4.8"]
[Board "4"]
[White "Paehtz, Elisabeth"]
[Black "Vollbehr, Bjarne"]
[Result "1-0"]
[WhiteTitle "GM"]
[WhiteElo "2471"]
[BlackElo "1871"]
[WhiteTeam "Berlin Chess Federation"]
[BlackTeam "Doppelbauer Kiel"]
[WhiteFideId "4641833"]
[BlackFideId "34606025"]
[EventDate "2023.08.26"]

1. c4 g6 2. Nc3 Bg7 3. d4 d6 4. g3 Nc6 5. d5 Nb8 6. Bg2 Nf6 7. e4 c6 8. Nge2
Nbd7 9. h3 O-O 10. O-O a5 11. Be3 Ne5 12. b3 cxd5 13. cxd5 b6 14. a4 Ba6 15. Nb5
Ned7 16. Ned4 Nc5 17. Nc6 Qd7 18. e5 Ne8 19. e6 fxe6 20. dxe6 Nxe6 21. Nxe7+
Qxe7 22. Bxa8 Bxa1 23. Qxa1 N8c7 24. Bc6 Nd8 25. Nxc7 Bxf1 26. Bd5+ Rf7 27. Bh6
Qe5 28. Qxe5 dxe5 29. Kxf1 1-0

[Event "World Rapid Team 2023"]
[Site "Dusseldorf GER"]
[Date "2023.08.26"]
[Round "4.8"]
[Board "5"]
[White "Braeutigam, Alexander"]
[Black "Meyer-Dunker, Paul"]
[Result "1/2-1/2"]
[WhiteElo "1911"]
[BlackElo "2055"]
[WhiteTeam "Doppelbauer Kiel"]
[BlackTeam "Berlin Chess Federation"]
[WhiteFideId "16245210"]
[BlackFideId "24657280"]
[EventDate "2023.08.26"]

1. c4 e6 2. Nc3 d5 3. cxd5 exd5 4. d4 Nf6 5. Bg5 Be7 6. e3 c6 7. Qc2 Bg4 8. Bd3
Bh5 9. Nge2 Bg6 10. Ng3 Bxd3 11. Qxd3 O-O 12. Nf5 g6 13. Nxe7+ Qxe7 14. O-O Nbd7
15. b4 b5 16. a4 a6 17. Rab1 Rfe8 18. a5 Kg7 19. Ne2 Qe4 20. Bxf6+ Nxf6 21. Qxe4
Nxe4 22. Rbc1 Nd2 23. Rfd1 Nc4 24. Nf4 Nb2 25. Rd2 Nc4 26. Re2 g5 27. Nd3 f5 28.
Rce1 Ra7 29. Nc5 Kf7 30. h3 Nd6 31. f3 h5 32. Kf2 Kg6 33. Kg3 Kf6 34. Kf2 Kg6
35. Kg1 Kf6 36. Kf1 Kg6 37. Kf2 Kf6 38. Kg1 Kg6 39. Nd3 Nc4 40. Nc5 Nd6 41. Kf1
Kf6 42. Rf2 Kg6 43. Rfe2 Kf6 44. Rc2 Nc4 45. Rce2 Nd6 1/2-1/2

[Event "World Rapid Team 2023"]
[Site "Dusseldorf GER"]
[Date "2023.08.26"]
[Round "4.8"]
[Board "6"]
[White "Reichmann, Felix"]
[Black "Braeutigam, Katerina"]
[Result "1-0"]
[WhiteElo "1968"]
[BlackElo "1884"]
[WhiteTeam "Berlin Chess Federation"]
[BlackTeam "Doppelbauer Kiel"]
[WhiteFideId "16238290"]
[BlackFideId "16242980"]
[EventDate "2023.08.26"]

1. c4 Nf6 2. Nf3 g6 3. g3 Bg7 4. Bg2 O-O 5. Nc3 d6 6. O-O e5 7. d4 Nc6 8. b3 Re8
9. d5 Ne7 10. e4 Nd7 11. Be3 f5 12. Qd2 Nf6 13. Bh6 Bxh6 14. Qxh6 fxe4 15. Ne1
Bg4 16. h3 Nf5 17. Qg5 Bf3 18. Nxf3 exf3 19. Bxf3 e4 20. Bg2 Kg7 21. Rae1 h6 22.
Qf4 e3 23. g4 exf2+ 24. Qxf2 Rxe1 25. Rxe1 Ne7 26. Re6 Qf8 27. Nb5 Rc8 28. Nxa7
Ra8 29. Nb5 Rc8 30. Nd4 Qf7 31. Re3 Kh7 32. Rf3 Neg8 33. Ne6 Qe7 34. Re3 Qd7 35.
Qh4 Re8 36. Bf3 c6 37. g5 Nh5 38. Bxh5 gxh5 39. g6+ Kxg6 40. Rg3+ Kh7 41. Qe4+
Kh8 42. Qd4+ Kh7 43. Rg7+ 1-0

[Event "World Rapid Team 2023"]
[Site "Dusseldorf GER"]
[Date "2023.08.26"]
[Round "4.9"]
[Board "1"]
[White "Jobava, Baadur"]
[Black "So, Wesley"]
[Result "0-1"]
[WhiteTitle "GM"]
[BlackTitle "GM"]
[WhiteElo "2574"]
[BlackElo "2769"]
[WhiteTeam "Columbus Energy KingsOfChess Krakow"]
[BlackTeam "WR Chess"]
[WhiteFideId "13601520"]
[BlackFideId "5202213"]
[EventDate "2023.08.26"]

1. e4 c5 2. Nc3 Nc6 3. Nge2 g6 4. g3 Bg7 5. Bg2 d6 6. d3 Nf6 7. h3 Rb8 8. f4 Bd7
9. a4 a6 10. g4 O-O 11. O-O b5 12. Ng3 Nd4 13. f5 Ne8 14. Kh1 e6 15. axb5 axb5
16. Nce2 Nxe2 17. Qxe2 b4 18. Ra7 Bc6 19. g5 Be5 20. fxe6 Rb7 21. Rxb7 Bxb7 22.
exf7+ Rxf7 23. Rxf7 Kxf7 24. Nf1 Ng7 25. h4 Nh5 26. Bf3 Nf4 27. Bxf4 Bxf4 28. e5
Qa8 29. e6+ Ke7 30. Kg2 Be5 31. b3 Bxf3+ 32. Qxf3 Qxf3+ 33. Kxf3 Kxe6 34. Ne3
Bd4 35. Nc4 d5 36. Nd2 Bc3 37. Nf1 Ke5 38. Nh2 Kf5 39. Ng4 Be1 40. Ne3+ Ke5 41.
Ng2 Bd2 42. Ke2 Bc1 43. Kd1 Bf4 44. Ke2 Bh2 45. Ne3 Bg3 46. Ng2 Kd4 47. Kd2 Bf2
48. Ke2 Bg3 49. Kd2 Bd6 50. Ke2 Kc3 51. Kd1 Bg3 52. Kc1 Bf2 53. Kd1 Bg3 54. Kc1
c4 55. dxc4 dxc4 56. bxc4 Kxc4 57. Kd1 Kc3 58. Kc1 Kd4 59. Kd2 Bd6 60. Ke2 Bc7
61. Kf3 Bd6 62. Ne3 Kc3 63. h5 Bc5 64. hxg6 hxg6 65. Nd5+ Kxc2 66. Nf4 b3 0-1

[Event "World Rapid Team 2023"]
[Site "Dusseldorf GER"]
[Date "2023.08.26"]
[Round "4.9"]
[Board "2"]
[White "Nepomniachtchi, Ian"]
[Black "Pakleza, Zbigniew"]
[Result "1-0"]
[WhiteTitle "GM"]
[BlackTitle "GM"]
[WhiteElo "2779"]
[BlackElo "2482"]
[WhiteTeam "WR Chess"]
[BlackTeam "Columbus Energy KingsOfChess Krakow"]
[WhiteFideId "4168119"]
[BlackFideId "1119290"]
[EventDate "2023.08.26"]

1. e4 d6 2. d4 Nf6 3. Nc3 c6 4. f4 Qb6 5. Nf3 Bg4 6. h3 Bxf3 7. Qxf3 Qxd4 8. Be3
Qb4 9. O-O-O Nbd7 10. g4 e6 11. g5 Ng8 12. h4 Ne7 13. Bh3 d5 14. exd5 Nxd5 15.
Nxd5 exd5 16. Rhe1 O-O-O 17. Bd4 Kc7 18. a3 Qa4 19. Bxd7 Kxd7 20. Qh5 Kc8 21.
Qxf7 Bd6 22. f5 Rd7 23. Qe6 Kc7 24. f6 gxf6 25. gxf6 Rf8 26. Rg1 c5 27. Be5 Qc6
28. Rxd5 Bxe5 29. Rxd7+ Qxd7 30. Rg7 Bf4+ 31. Kb1 Rd8 32. Rxd7+ Rxd7 33. f7 1-0

[Event "World Rapid Team 2023"]
[Site "Dusseldorf GER"]
[Date "2023.08.26"]
[Round "4.9"]
[Board "5"]
[White "Maltsevskaya, Aleksandra"]
[Black "Kosteniuk, Alexandra"]
[Result "0-1"]
[WhiteTitle "IM"]
[BlackTitle "GM"]
[WhiteElo "2386"]
[BlackElo "2532"]
[WhiteTeam "Columbus Energy KingsOfChess Krakow"]
[BlackTeam "WR Chess"]
[WhiteFideId "24174041"]
[BlackFideId "4128125"]
[EventDate "2023.08.26"]

1. e4 e5 2. Bc4 Nf6 3. d3 Bc5 4. Nc3 O-O 5. f4 d5 6. exd5 Ng4 7. Nh3 Qh4+ 8. Kf1
Nf2 9. Qe1 Bxh3 10. Be3 Bxe3 11. Qxe3 Nxh1 12. gxh3 exf4 13. Qf3 Ng3+ 14. hxg3
Qxh3+ 15. Qg2 Qxg3 16. Qxg3 fxg3 17. Re1 Nd7 18. Re7 Rad8 19. Bb5 Nf6 20. Rxc7
a6 21. Bc4 b5 22. Bb3 h5 23. Ne4 Nxd5 24. Rc5 Ne3+ 25. Kg1 g6 26. Re5 Nf5 27. a4
Nd4 0-1

[Event "World Rapid Team 2023"]
[Site "Dusseldorf GER"]
[Date "2023.08.26"]
[Round "4.10"]
[Board "1"]
[White "Yelisieiev, Yevhenii"]
[Black "Orlov, Andrey"]
[Result "0-1"]
[WhiteTitle "IM"]
[BlackTitle "GM"]
[WhiteElo "2401"]
[BlackElo "2503"]
[WhiteTeam "Deutsche Schachjugend 1"]
[BlackTeam "Duesseldorfer Schachklub 1914/25 e.V."]
[WhiteFideId "14139642"]
[BlackFideId "4125282"]
[EventDate "2023.08.26"]

1. d4 d6 2. Nf3 Nf6 3. g3 g6 4. Bg2 Bg7 5. O-O O-O 6. b3 a5 7. Bb2 Nc6 8. c4 Bd7
9. d5 Nb4 10. Nd4 Rc8 11. Nc3 c6 12. a3 Na6 13. e4 Qb6 14. Rb1 Rfd8 15. h3 e5
16. Nde2 cxd5 17. Nxd5 Nxd5 18. Qxd5 Bc6 19. Qd1 Nc5 20. Bc1 Bxe4 21. Bxe4 Nxe4
22. Be3 Qc6 23. f3 Nf6 24. Qe1 a4 25. bxa4 Qxa4 26. Qb4 Rxc4 27. Qxb7 Qxa3 28.
Rb3 Qa8 29. Qb5 Rcc8 30. Bg5 d5 31. f4 Rb8 32. Qd3 e4 33. Qd1 Rxb3 34. Qxb3 d4
35. f5 d3 36. Nc3 Rb8 37. Qc4 Rc8 38. Qb3 Qa5 39. Bxf6 Bxf6 40. fxg6 Qa7+ 41.
Kh1 Rxc3 42. gxh7+ Kxh7 43. Qd5 Qe7 44. Qh5+ Kg8 45. Rb1 Qc7 46. Qg4+ Bg7 47.
Qxe4 Rc1+ 48. Rxc1 Qxc1+ 49. Kg2 d2 50. Qe8+ Bf8 0-1

[Event "World Rapid Team 2023"]
[Site "Dusseldorf GER"]
[Date "2023.08.26"]
[Round "4.10"]
[Board "2"]
[White "Berelowitsch, Alexander"]
[Black "Colbow, Collin"]
[Result "1/2-1/2"]
[WhiteTitle "GM"]
[BlackTitle "FM"]
[WhiteElo "2492"]
[BlackElo "2409"]
[WhiteTeam "Duesseldorfer Schachklub 1914/25 e.V."]
[BlackTeam "Deutsche Schachjugend 1"]
[WhiteFideId "14101440"]
[BlackFideId "16201132"]
[EventDate "2023.08.26"]

1. e4 c5 2. Nf3 e6 3. d4 cxd4 4. Nxd4 Nc6 5. Nc3 Qc7 6. Ndb5 Qb8 7. g3 a6 8. Nd4
Qc7 9. Bg2 h5 10. O-O h4 11. Re1 hxg3 12. hxg3 f6 13. Nxc6 bxc6 14. Be3 Rb8 15.
Na4 c5 16. c4 Be7 17. Qe2 Nh6 18. Rad1 d6 19. b3 g5 20. Nb2 Nf7 21. Nd3 e5 22.
Nb2 Nd8 23. Na4 Nc6 24. Nc3 Nd4 25. Bxd4 cxd4 26. Nd5 Qd7 27. b4 Bd8 28. c5 dxc5
29. bxc5 Qh7 30. Qf3 a5 31. Rd3 Ba6 32. Red1 Rb2 33. Nxf6+ Bxf6 34. Qxf6 Bxd3
35. Qxe5+ Kf8 36. Qf6+ Ke8 37. Qe5+ Kf8 38. Qf6+ Ke8 39. Qe5+ Kf8 40. Qf6+ Kg8
41. Qxg5+ Kf7 42. Qd5+ Ke7 43. Qd6+ Ke8 44. Qe5+ Kf8 45. Qf6+ Ke8 46. Qe5+ Kf8
47. Qf6+ Ke8 48. Qe5+ 1/2-1/2

[Event "World Rapid Team 2023"]
[Site "Dusseldorf GER"]
[Date "2023.08.26"]
[Round "4.10"]
[Board "3"]
[White "Gloeckler, Christian"]
[Black "Levin, Felix"]
[Result "1-0"]
[WhiteTitle "FM"]
[BlackTitle "GM"]
[WhiteElo "2318"]
[BlackElo "2459"]
[WhiteTeam "Deutsche Schachjugend 1"]
[BlackTeam "Duesseldorfer Schachklub 1914/25 e.V."]
[WhiteFideId "34608966"]
[BlackFideId "4650905"]
[EventDate "2023.08.26"]

1. e4 e5 2. Nf3 Nc6 3. Bb5 Nf6 4. O-O Nxe4 5. Re1 Nd6 6. Nxe5 Be7 7. Bf1 Nf5 8.
Qg4 d6 9. Nxc6 bxc6 10. Bd3 g6 11. Qf3 d5 12. b3 O-O 13. Bb2 c5 14. Nc3 c6 15.
Na4 Nd4 16. Qe3 Ne6 17. g3 d4 18. Qe2 Qd6 19. Ba3 Bf6 20. f4 Re8 21. Nxc5 Ng7
22. Ne4 Rxe4 23. Bxd6 Rxe2 24. Rxe2 Bg4 25. Ree1 Nf5 26. Be5 Kg7 27. Kg2 Ne7 28.
Bxf6+ Kxf6 29. Re5 Nd5 30. a3 Be6 31. Rae1 Rd8 32. Kf3 h5 33. Rg5 Rd7 34. h4 Rd6
35. f5 gxf5 36. Rxh5 Rd8 37. Rh6+ Kg7 38. Rhxe6 fxe6 39. Rxe6 c5 40. Bxf5 Nb6
41. g4 c4 42. h5 d3 43. cxd3 cxb3 44. h6+ Kf7 45. g5 b2 46. g6+ Kg8 47. Re1 Nd5
48. Be6+ Kh8 49. Bxd5 b1=Q 50. g7+ Kh7 51. g8=Q+ Rxg8 52. Bxg8+ 1-0

[Event "World Rapid Team 2023"]
[Site "Dusseldorf GER"]
[Date "2023.08.26"]
[Round "4.10"]
[Board "4"]
[White "Meins, Gerlef"]
[Black "Haug, Havard"]
[Result "1-0"]
[WhiteTitle "IM"]
[BlackTitle "CM"]
[WhiteElo "2412"]
[BlackElo "2199"]
[WhiteTeam "Duesseldorfer Schachklub 1914/25 e.V."]
[BlackTeam "Deutsche Schachjugend 1"]
[WhiteFideId "4620895"]
[BlackFideId "1547887"]
[EventDate "2023.08.26"]

1. d4 d5 2. c4 dxc4 3. Nf3 Nf6 4. e3 e6 5. Bxc4 c5 6. O-O Be7 7. dxc5 Bxc5 8.
Qxd8+ Kxd8 9. Nc3 Ke7 10. Ng5 Nc6 11. Nce4 Nxe4 12. Nxe4 Bb4 13. a3 Ba5 14. b4
Bc7 15. Bb2 Be5 16. Rab1 Bxb2 17. Rxb2 f5 18. Nc5 b6 19. Nd3 Bd7 20. Rc2 a5 21.
b5 Na7 22. a4 Rhc8 23. Ne5 Rc5 24. f4 Nc8 25. Rd1 Be8 26. Rcd2 Ra7 27. h3 Rac7
28. Rd4 g6 29. Kf2 Rxe5 30. fxe5 Rc5 31. Be2 Rxe5 32. Bf3 Rc5 33. Bb7 Rc2+ 34.
R1d2 Rxd2+ 35. Rxd2 Nd6 36. Rc2 Kd8 37. Bc6 Bf7 38. e4 e5 39. exf5 gxf5 40. Re2
e4 41. g4 fxg4 42. hxg4 Bc4 43. Re1 Bd3 44. Ke3 Bc2 45. Rh1 Bxa4 46. Rxh7 Bxb5
47. Rd7+ Kc8 48. Rxd6 Kc7 49. Bxb5 Kxd6 50. Kxe4 Ke6 51. g5 Kf7 52. Kf5 Kg7 53.
g6 Kg8 54. Kf6 Kh8 55. Bc4 1-0

[Event "World Rapid Team 2023"]
[Site "Dusseldorf GER"]
[Date "2023.08.26"]
[Round "4.10"]
[Board "5"]
[White "Groeschel, Karoline"]
[Black "Zatonskih, Anna"]
[Result "1/2-1/2"]
[BlackTitle "IM"]
[WhiteElo "1934"]
[BlackElo "2364"]
[WhiteTeam "Deutsche Schachjugend 1"]
[BlackTeam "Duesseldorfer Schachklub 1914/25 e.V."]
[WhiteFideId "34610537"]
[BlackFideId "14101572"]
[EventDate "2023.08.26"]

1. e4 e6 2. d4 d5 3. Nc3 dxe4 4. Nxe4 Nd7 5. Nf3 Ngf6 6. Nxf6+ Nxf6 7. Bd3 c5 8.
dxc5 Bxc5 9. O-O O-O 10. c3 b6 11. Bg5 Bb7 12. Qe2 Be7 13. Rad1 Qc7 14. Ne5 Rad8
15. Bb1 Rxd1 16. Rxd1 Rd8 17. Rxd8+ Qxd8 18. Qd3 Qxd3 19. Bxd3 h6 20. Bd2 Bd6
21. Nc4 Bc7 22. f3 Nd5 23. Kf2 f5 24. Ne3 Kf7 25. Nxd5 Bxd5 26. c4 Bc6 27. b4
Kf6 28. f4 g5 29. g3 e5 30. Bc3 Ke6 31. fxe5 Bxe5 32. Bd2 f4 33. gxf4 gxf4 34.
Bf1 Bd4+ 35. Ke2 Ke5 36. Be1 Bg1 37. Bc3+ Bd4 38. Be1 Bh1 39. a4 Bc6 40. b5 Bh1
41. a5 f3+ 42. Kd3 f2 43. Bd2 Be4+ 44. Ke2 bxa5 45. Bxa5 Bf5 46. Bd2 Bg4+ 47.
Kd3 Bf5+ 48. Ke2 Bg4+ 49. Kd3 Bf5+ 50. Ke2 Bg4+ 51. Kd3 Bf5+ 1/2-1/2

[Event "World Rapid Team 2023"]
[Site "Dusseldorf GER"]
[Date "2023.08.26"]
[Round "4.10"]
[Board "6"]
[White "Rudolph, Eva"]
[Black "Andrade, Ruben"]
[Result "1-0"]
[WhiteElo "1793"]
[BlackElo "1797"]
[WhiteTeam "Duesseldorfer Schachklub 1914/25 e.V."]
[BlackTeam "Deutsche Schachjugend 1"]
[WhiteFideId "16200594"]
[BlackFideId "16246829"]
[EventDate "2023.08.26"]

1. e4 e5 2. Nf3 Nc6 3. d4 exd4 4. Nxd4 Bc5 5. Nb3 Bb6 6. Nc3 Nf6 7. Qe2 d6 8.
Bg5 h6 9. Bh4 g5 10. Bg3 Qe7 11. O-O-O Bd7 12. h4 O-O-O 13. Nd5 Nxd5 14. exd5
Ne5 15. Nd4 Rde8 16. hxg5 hxg5 17. Rxh8 Rxh8 18. Nf3 Bg4 19. Re1 f6 20. Qd2 Qf7
21. Nxe5 dxe5 22. f3 Bf5 23. Bd3 Bd7 24. Bc4 Qe7 25. Qd3 Qb4 26. Bb3 Qd6 27. a3
a6 28. Kb1 Bb5 29. Qf5+ Bd7 30. Qe4 Rg8 31. Qe2 g4 32. Bf2 gxf3 33. gxf3 Rg2 34.
Rf1 Bb5 35. c4 Be8 36. Qe1 Bg6+ 37. Ka2 Bd3 38. Bxb6 Qxb6 39. Rh1 Kb8 40. Qc3
Bf5 41. Rh8+ Ka7 42. c5 Qb5 43. a4 Qf1 44. c6 Rg1 45. Ka3 Qa1+ 46. Ba2 Rd1 47.
cxb7 Kxb7 48. Qc6+ Ka7 49. Ra8# 1-0